000 00625nam a2200217 i 4500
001 141249
003 ES-MaACL
005 20230906200244.0
007 t|
008 070920s1964 fr ||||1| fre d
080 _a821.112.2
100 1 _aPanizza, Oskar.
_988797
245 1 3 _aLe Concile d'Amour /
_cOscar Panizza.
260 _aFrancia :
_bJean-Jacques Pauvert,
_c[1964]
300 _a182 p. ;
_c19 cm.
490 1 _aLibertés nouvelles ;
_v13
500 _aBiblioteca Jacinto Martínez Lacalle.
830 0 _aLibertés nouvelles ;
_v13
_9187179
852 _aES-MaACL
_jE-12177
_bR.190396
999 _c141249
_d141249